000 00589nam a2200205Ia 4500
003 GCL
008 140319s9999 xx 000 0 ara d
040 _aGCL /
_cGCL
082 0 4 _a370.13
_bن س
100 1 _aثيو، كلادنس
245 1 0 _aالسلوك الانسانى فى الادارة التربوية /
_cثيو، كلادنس
700 1 _aمحمد الحاج خليل
700 1 _aمحمد الحاج الياس
300 _a216 ص
490 _aكتاب
_v0
650 0 4 _aالتعليم
650 0 4 _aالتربية
650 0 4 _aالادارة
942 _2ddc
_cBK
999 _c41269
_d41269